000 00302nam a22001337a 4500
008 180926b xxu||||| |||| 00| 0 eng d
020 _a9780803613898
041 _aeng
080 _27 ED
_a610.-73
100 _a2
101 _aINF
245 _aNursing Carre Plans
_cMurr.A.C
942 _2udc
_cBK
999 _c48480
_d48480